Standard method of measurement of building works in Zambia.--2nd metric ed. (Record no. 76737)
[ view plain ]
| 000 -LEADER | |
|---|---|
| fixed length control field | 00883nam a2200181 a 4500 |
| 008 - FIXED-LENGTH DATA ELEMENTS--GENERAL INFORMATION | |
| fixed length control field | 120416s1975 ||||||||||||||||| || u |
| 050 ## - LIBRARY OF CONGRESS CALL NUMBER | |
| Classification number | TH 420 Sur |
| 245 10 - TITLE STATEMENT | |
| Title | Standard method of measurement of building works in Zambia.--2nd metric ed. |
| 246 ## - | |
| -- | Surveyors Institute of Zambia |
| 250 ## - EDITION STATEMENT | |
| Edition statement | 2nd metric |
| 260 ## - PUBLICATION, DISTRIBUTION, ETC. | |
| Place of publication, distribution, etc. | Lusaka: |
| Name of publisher, distributor, etc. | The Surveyors Institute of Zambia |
| Date of publication, distribution, etc. | 1975 |
| 300 ## - PHYSICAL DESCRIPTION | |
| Extent | v, 146 (2)p. |
| 350 ## - | |
| -- | 0.00 |
| 650 ## - SUBJECT ADDED ENTRY--TOPICAL TERM | |
| Topical term or geographic name entry element | QUALITY CONTROL--STANDARDS |
| 995 ## - | |
| -- | REFERENCE BOOKS |
| -- | 0.00 |
| -- | 705702 |
| -- | CBU-MAIN LIBRARY (Kitwe) |
| -- | 1 |
| -- | 0.00 |
| -- | TH 420 Sur |
| -- | 1 |
| -- | REFERENCE |
| -- | 023307 |
| -- | Reference Collection |
| 995 ## - | |
| -- | SPECIAL COLLECTIONS |
| -- | 0.00 |
| -- | 705700 |
| -- | CBU-MAIN LIBRARY (Kitwe) |
| -- | 2 |
| -- | 0.00 |
| -- | ZAM TH 420 Sur |
| -- | 2 |
| -- | AVAILABLE |
| -- | 023305 |
| -- | Zambiana Collection |
| 995 ## - | |
| -- | SPECIAL COLLECTIONS |
| -- | 0.00 |
| -- | 705701 |
| -- | CBU-MAIN LIBRARY (Kitwe) |
| -- | 3 |
| -- | 0.00 |
| -- | ZAM TH 420 Sur |
| -- | 3 |
| -- | AVAILABLE |
| -- | 023306 |
| -- | Zambiana Collection |
| 999 ## - | |
| -- | 76737 |
| -- | 76737 |
| Withdrawn status | Lost status | Source of classification or shelving scheme | Damaged status | Not for loan | Permanent Location | Current Location | Shelving location | Date acquired | Total Checkouts | Full call number | Barcode | Date last seen | Copy number | Price effective from | Koha item type |
|---|---|---|---|---|---|---|---|---|---|---|---|---|---|---|---|
| CBU-MAIN LIBRARY, KITWE. | CBU-MAIN LIBRARY, KITWE. | 04/25/2023 | TH 420 Sur | 023307 | 04/25/2023 | 1 | 04/25/2023 | REFERENCE COLLECTION | |||||||
| CBU-MAIN LIBRARY, KITWE. | CBU-MAIN LIBRARY, KITWE. | 04/25/2023 | TH 420 Sur | 023305 | 04/25/2023 | 2 | 04/25/2023 | SPECIAL COLLECTION | |||||||
| CBU-MAIN LIBRARY, KITWE. | CBU-MAIN LIBRARY, KITWE. | 04/25/2023 | TH 420 Sur | 023306 | 04/25/2023 | 3 | 04/25/2023 | SPECIAL COLLECTION |